Normal view
MARC view
- Plastic scrap. Environmental protection. Waste minimization. Sustainable living
Entry Topical Term
001 - CONTROL NUMBER
- control field: 85544
003 - CONTROL NUMBER IDENTIFIER
- control field: OSt
005 - DATE AND TIME OF LATEST TRANSACTION
- control field: 20241031142138.0
008 - FIXED-LENGTH DATA ELEMENTS
- fixed length control field: 241031|| aca||aabn | a|a d
040 ## - CATALOGING SOURCE
- Original cataloging agency: OSt
- Transcribing agency: OSt
150 ## - HEADING--TOPICAL TERM
- Topical term or geographic name as entry element: Plastic scrap. Environmental protection. Waste minimization. Sustainable living
670 ## - SOURCE DATA FOUND
- Source citation: Work cat.: (OSt)47695: Bonaccorsi, Luca, author. 85543, How to live plastic free :, 2018.